000 00953cam a2200241 4500
001 WB3703-24
008 000000n2001 000 0 eng u
035 _a(Sirsi) u110434
245 _aBenchmarking vital for farm management
260 _c2001
490 _aRICS Press Release
_v(pr002) 17 January 2001(2)
520 _aPromotes the RICS Benchmarking Manual produced in co-operation with the Universities of Nottingham and Exeter. It provides up-to-date information on whole farm costings and gross margins to help quantify and project farm business performance. For further details contact the RICS rural faculty on 020 7222 7000 or email [email protected]
590 _aWB
650 _aBENCHMARKING
650 _aWHOLE FARM COSTS
650 _aFARMS
650 _aBUSINESS PERFORMANCE
650 _aRICS
650 _aNOTTINGHAM UNIVERSITY
650 _aEXETER UNIVERSITY
690 _aRURAL-FARM BUSINESS MANAGEMENT
942 _n0
999 _c65837
_d65837